Statistiken für Julien Bams 17 Arten von Rappern

Klicken Sie hier um das Quiz zu spielen!

Allgemein

  • Dieses Quiz wurde 13 mal gespielt
  • Das Durchschnittsergebnis liegt bei 9 aus 18

Antwortstatistiken

Antwort% Korrekt
MC ich lüge nie
70%
MC war noch nie in den USA
70%
MC Abmod
60%
MC Anglizismus
60%
MC der nur eine Line hat
60%
MC Geist
60%
MC Geisterjäger
60%
MC Ju
60%
MC Schwachpunkt
60%
MC Justin Bieber
50%
MC Pause
50%
MC Santa der Boss
50%
MC Sherlock
50%
MC will keine Croutons in mein Salat
40%
MC Jackie Chan Fan
30%
MC ohne meinen Mund zu bewegen
30%
MC onaniere mindestens fünf mal am Tag
30%
MC Roast Yourself
30%

Verteilung der Resultate

Perzentil nach korrekt beantworteten Fragen

Anzahl Personen mit jedem Resultat

Ihre Resultats-Entwicklung

Sie haben dieses Quiz noch nicht gespielt